Elastomers: Criteria for engineering design (Record no. 35342)

MARC details
000 -LEADER
fixed length control field 00420nam a2200157Ia 4500
082 ## - DEWEY DECIMAL CLASSIFICATION NUMBER
Classification number 678.074:62
Item number HEP
100 ## - MAIN ENTRY--AUTHOR NAME
Personal name Hepburn, C
245 #0 - TITLE STATEMENT
Title Elastomers: Criteria for engineering design
260 ## - PUBLICATION, DISTRIBUTION, ETC. (IMPRINT)
Place of publication London
Name of publisher Applied Science
Year of publication 1979
650 ## - SUBJECT ADDED ENTRY--TOPICAL TERM
Topical Term Carbon black
650 ## - SUBJECT ADDED ENTRY--TOPICAL TERM
Topical Term Rubber engineering
650 ## - SUBJECT ADDED ENTRY--TOPICAL TERM
Topical Term Tear behaviour
700 ## - ADDED ENTRY--PERSONAL NAME
Personal name Reynolds, R J W
942 ## - ADDED ENTRY ELEMENTS (KOHA)
Koha item type Books
Holdings
Withdrawn status Lost status Damaged status Not for loan Home library Current library Date acquired Cost, normal purchase price Full call number Accession Number Koha item type
        RRII Library RRII Library 16/12/2021 25.00 678.074:62 HEP 15768 Books